(José Martí) Autoestima y altercentrismo: ejes constructores de la noción de identidad latinoamericana de José Martí
Gorde:
| Egile nagusia: | |
|---|---|
| Formatua: | Liburua |
| Hizkuntza: | Undetermined |
| Argitaratua: |
San José, Costa Rica
Escuela de Filología, Lingüística y Literatura,Universidad de Costa Rica
1997
|
| Gaiak: | |
| Etiketak: |
Etiketa erantsi
Etiketarik gabe, Izan zaitez lehena erregistro honi etiketa jartzen!
|
MARC
| LEADER | 00000nam a2200000Ia 4500 | ||
|---|---|---|---|
| 008 | 170316s9999 xx 000 0 und d | ||
| 040 | |a cru BVZT | ||
| 090 | |a TESIS 595 | ||
| 100 | |a Rodríguez Jiménez, Olga Marta | ||
| 245 | |a (José Martí) Autoestima y altercentrismo: ejes constructores de la noción de identidad latinoamericana de José Martí | ||
| 260 | |a San José, Costa Rica | ||
| 260 | |b Escuela de Filología, Lingüística y Literatura,Universidad de Costa Rica | ||
| 260 | |c 1997 | ||
| 300 | |a 214 páginas | ||
| 650 | |a POSGRADO EN LITERATURA | ||
| 650 | |a TRABAJO FNAL DE GRADUACIÓN | ||
| 999 | |c 14244 |d 14244 | ||
| 942 | |c TFG |h TESIS 595 |2 z | ||
